000
00171nam a22000977a 4500
040
_c
SK
082
_a
363
100
_a
BUNTONG BORARIN
245
_a
Food safety
942
_c
EK
999
_c
8862
_d
8862